000 01962cam a22004814i 4500
003 PE-LiUPU
005 20250731173051.0
008 180108s2017 xxu0 rb 001 0 eng d
020 _a9780830825844
035 _a(Sirsi) a240896
040 _aPE-LiUPU
_bspa
_cPE-LiUPU
_erda
049 _aPRUA
082 0 4 _a270.821
_bT79
_223
100 1 _aTreloar, Geoffrey R.,
_eautor.
245 1 4 _aThe disruption of evangelicalism :
_bthe age of Torrey, Mott, Mcpherson and Hammond /
_cGeoffrey R. Treloar.
264 1 _aDowners Grove :
_bInterVarsity Press;
_c2017
300 _a334 páginas ;
_c24 centímetros.
336 _atext
_2rdacontent
337 _aunmediated
_2rdamedia
338 _avolume
_2rdacarrier
490 0 _aA history of evangelicalism
504 _aBibliografía : páginas 287-319.
504 _aÍndice : páginas 321-334.
505 0 _aThe evangelical world c.1900 -- Revival, revivalism and missions -- The life of faith -- Theological narrowing and broadening -- A social gospel? -- Evangelicals at war (1914-18) -- Marching as to war -- Faith under fire -- The war within -- Evangelicalism at the crossroads (1919-c.1940) -- Modernism, liberal evangelicalism, and fundamentalism -- Remembering the Reformation -- Evangelism and missions in the modern world -- A great reversal?.
526 _aSEG42
526 _aSEG41
526 _aSEG40
526 _aSEG39
526 _aP94
526 _aP87
526 _aP86
526 _aP85
526 _aP77
526 _aP76
526 _aP35
650 0 4 _aEvangelicalism.
650 0 4 _aEvangelicalismo.
910 _adbm
_bksl
_cksl
_d20180108
596 _a1
942 _2ddc
_cBOOK
999 _a270.821 T79
_wLC
_c26590
_i77936
_d26590
_e2019-3-20
_f2021-11-11
_g4
_lCCODEBUL1
_mBUL
_n1
_p19.30
_r0
_sY
_tBOOK
_u2018-1-8
_xTEOLOGIA
_PP85
_0DONACION
_o.STAFF. Colección Teología
980 _81
_gALBERTO SANCHEZ Responsable de Automatización